Eliminate One Country - Sudden Death #2 - Statistics

General Stats
  • This quiz has been taken 158 times
    104 since last reset
  • The average score is 4 of 10
Answers on the Grid
Answers color-coded by a green-red scale on the quiz's grid according to % correct below.
Slovenia
Slovakia
Croatia
Bangladesh
Cambodia
Laos
Rep. of the Congo
Angola
Chad
El Salvador
Nicaragua
Guatemala
Netherlands
France
Luxembourg
Mali
Liberia
Burkina Faso
Armenia
Iran
Russia
Chile
Paraguay
Brazil
Kosovo
Albania
Bulgaria
Lebanon
Jordan
Iraq
 
Answer Stats
Answer % Correct
Slovakia
87%
Bangladesh
86%
Chad
59%
Netherlands
49%
Nicaragua
41%
Liberia
24%
Bulgaria
22%
Chile
21%
Russia
19%
Lebanon
11%
No matching quizzes found
Score Distribution
Percent of People with Each Score
Percentile by Number Answered
Your Score History
You have not taken this quiz since the last reset